Três Séculos no mar (Record no. 16367)
[ view plain ]
| 000 -Etiqueta do registo | |
|---|---|
| Valores | 00338nam a2200133 4500 |
| 100 ## - Dados gerais de processamento | |
| Dados gerais | 20250718 pory50 |
| 200 ## - Titulo e menção de responsabilidade | |
| Título próprio | Três Séculos no mar |
| Primeira menção de responsabilidade | Comandante António Marques Esparteiro |
| 210 ## - Publicação | |
| Local de publicação | Lisboa |
| Data de publicação | 1977 |
| 215 ## - Descrição física | |
| Paginação / Volumes | 179p. |
| 225 ## - Colecção | |
| Título próprio da colecção | Coleção Estudos; |
| Número de parte ou secção | 8) |
| 801 ## - Fonte de origem | |
| País | PT |
| Agência | BMA |
| Regras de catalogação | RPC |
| 990 ## - Elementos KOHA | |
| Tipo de documento | Livro |
No items available.